Juventus Goalkeeper By Year - Statistics

General Stats
  • This quiz has been taken 1,756 times
    94 since last reset
  • The average score is 38 of 75
Answer Stats
Season Goalkeeper % Correct
2017-18 Gianluigi Buffon
100%
2016-17 Gianluigi Buffon
100%
2015-16 Gianluigi Buffon
100%
2014-15 Gianluigi Buffon
100%
2013-14 Gianluigi Buffon
100%
2012-13 Gianluigi Buffon
100%
2011-12 Gianluigi Buffon
100%
2009-10 Gianluigi Buffon
100%
2008-09 Gianluigi Buffon
100%
2007-08 Gianluigi Buffon
100%
2005-06 Gianluigi Buffon
100%
2004-05 Gianluigi Buffon
100%
2003-04 Gianluigi Buffon
100%
2002-03 Gianluigi Buffon
100%
2001-02 Gianluigi Buffon
100%
2023-24 Wojciech Szczęsny
87%
2022-23 Wojciech Szczęsny
87%
2021-22 Wojciech Szczęsny
87%
2020-21 Wojciech Szczęsny
87%
2019-20 Wojciech Szczęsny
87%
2018-19 Wojciech Szczęsny
87%
1982-83 Dino Zoff
76%
1981-82 Dino Zoff
76%
1980-81 Dino Zoff
76%
1979-80 Dino Zoff
76%
1978-79 Dino Zoff
76%
1977-78 Dino Zoff
76%
1976-77 Dino Zoff
76%
1975-76 Dino Zoff
76%
1974-75 Dino Zoff
76%
1973-74 Dino Zoff
76%
1972-73 Dino Zoff
76%
2025-26 Michele Di Gregorio
76%
2024-25 Michele Di Gregorio
76%
2000-01 Edwin van der Sar
51%
1999-00 Edwin van der Sar
51%
1998-99 Angelo Peruzzi
47%
1997-98 Angelo Peruzzi
47%
1996-97 Angelo Peruzzi
47%
1995-96 Angelo Peruzzi
47%
1994-95 Angelo Peruzzi
47%
1993-94 Angelo Peruzzi
47%
1992-93 Angelo Peruzzi
47%
2010-11 Marco Storari
28%
1991-92 Stefano Tacconi
24%
1990-91 Stefano Tacconi
24%
1989-90 Stefano Tacconi
24%
1988-89 Stefano Tacconi
24%
1987-88 Stefano Tacconi
24%
1986-87 Stefano Tacconi
24%
1985-86 Stefano Tacconi
24%
1983-84 Stefano Tacconi
24%
1984-85 Luciano Bodini
7%
1968-69 Roberto Anzolin
7%
1967-68 Roberto Anzolin
7%
1966-67 Roberto Anzolin
7%
1965-66 Roberto Anzolin
7%
1964-65 Roberto Anzolin
7%
1963-64 Roberto Anzolin
7%
1962-63 Roberto Anzolin
7%
1961-62 Roberto Anzolin
7%
1958-59 Carlo Mattrel
5%
1957-58 Carlo Mattrel
5%
1960-61 Giuseppe Vavassori
5%
1959-60 Giuseppe Vavassori
5%
1956-57 Giovanni Viola
4%
1955-56 Giovanni Viola
4%
1954-55 Giovanni Viola
4%
1953-54 Giovanni Viola
4%
1952-53 Giovanni Viola
4%
1951-52 Giovanni Viola
4%
1950-51 Giovanni Viola
4%
1971-72 Pietro Carmignani
4%
1970-71 Roberto Tancredi
2%
1969-70 Roberto Tancredi
2%
No matching quizzes found
Score Distribution
Percent of People with Each Score
Percentile by Number Answered
Your Score History
You have not taken this quiz since the last reset